Aspeccts of precipitation in the alloy inconel 718 (Record no. 34912)

MARC details
000 -LEADER
fixed length control field 00541nam a2200145 a 4500
008 - FIXED-LENGTH DATA ELEMENTS--GENERAL INFORMATION
fixed length control field 120416s2004 ||||||||||||||||| || u
050 ## - LIBRARY OF CONGRESS CALL NUMBER
Classification number LB 2369 Aza
100 ## - MAIN ENTRY--PERSONAL NAME
Personal name Azadian, Saied
245 10 - TITLE STATEMENT
Title Aspeccts of precipitation in the alloy inconel 718
246 ## - VARYING FORM OF TITLE
Title proper/short title Doctoral thesis 2004:20
260 ## - PUBLICATION, DISTRIBUTION, ETC.
Place of publication, distribution, etc. Lulea
Name of publisher, distributor, etc. Div. of Eng. Materials
Date of publication, distribution, etc. 2004
300 ## - PHYSICAL DESCRIPTION
Extent v, 122p. : ill.
350 ## - PRICE (NR) (BK AM CF MU VM SE) [OBSOLETE]
Price 0.00
995 ## - RECOMMENDATION 995 [LOCAL, UNIMARC FRANCE]
-- 0.00
-- CBU-MAIN LIBRARY (Kitwe)
-- 1
-- 17.90
-- 1
-- AVAILABLE
-- Main Library Open Access Collection
Holdings
Withdrawn status Lost status Source of classification or shelving scheme Damaged status Not for loan Home library Current library Shelving location Date acquired Total Checkouts Full call number Barcode Date last seen Price effective from Koha item type
          CBU-MAIN LIBRARY, KITWE. CBU-MAIN LIBRARY, KITWE.   11/30/2022   LB 2369 Aza 48407 11/30/2022 11/30/2022 MONOGRAPH